000 00406nam a22001577a 4500
999 _c1315
_d1315
008 200122b ||||| |||| 00| 0 eng d
082 0 0 _a510.0202
_bJ353
100 _9908
_aJansson, Martin E.
245 1 0 _aHandbook of applied mathematics
_cby Martin E Jansson
250 _a2nd
260 _aNew York
_bVan Nostrand
_c1936
300 _aix,1010p.
365 _d30.15
650 0 _aMathematics
942 _cBK